000 00583cab a22001935a 4500
001 L156842
008 120719e20121111xxkd f s 000 0 eng d
035 _a(Sirsi) u156842
041 0 _aeng
245 0 0 _aBig freeze in the desert
260 _c2012
490 _aBuilding
_v277(8736) 13 July 2012, 48(1)
520 _aLooks at the recent changes in the government of Libya which causes concern for foreign investors; the National Transitional Council of Libya
590 _aKA
651 4 _aLibya
651 4 _aMENEA
690 _aConstruction management
_96230
942 _n0
999 _c84171
_d84171